[Event "Lansing (MI Am/5/35)"]
[Site "?"]
[Date "1990.??.??"]
[Round "?"]
[White "Moore, H."]
[Black "Jensen, D."]
[Result "0-1"]
[WhiteElo "1605"]
[BlackElo "1605"]
[PlyCount "90"]
[EventDate "1990.??.??"]

{5/(35)} 1. d4 d5 2. e3 c5 3. c3 Nc6 4. Bd3 Nf6 5. f4 Bg4 6. Nf3 cxd4 7. cxd4
e6 8. Nbd2 Bb4 9. O-O Nd7 10. Qc2 f5 11. Ne5 Ncxe5 12. fxe5 O-O 13. Nf3 Be7 14.
Qf2 Rf7 15. h3 Bh5 16. h4 h6 17. Qg3 Kh8 18. Qf4 Bxf3 19. Qxf3 Bxh4 20. Qh5 Kg8
21. Rf3 Qg5 22. Qxg5 Bxg5 23. Bd2 Raf8 24. Raf1 g6 25. g4 Rc8 26. gxf5 gxf5 27.
Rg3 Rg7 28. Kh2 Rc7 29. Be2 Nb8 30. Bh5 Rc8 31. Bb4 Rc2+ 32. Rg2 Rxg2+ 33. Kxg2
Bxe3+ 34. Kf3 Bxd4 35. Rc1 Nc6 36. Bd2 Kh7 37. Ke2 Bxe5 38. b4 a6 39. a4 Nd4+
40. Kf1 Nb3 41. Rd1 Nxd2+ 42. Rxd2 Bc3 43. Re2 e5 44. Re3 Bd4 45. Re2 Rg1# 0-1

[Event "Lansing (Mini-Swiss.4/1)"]
[Site "?"]
[Date "1990.??.??"]
[Round "?"]
[White "Moore, H."]
[Black "Hunt, D."]
[Result "1-0"]
[WhiteElo "1605"]
[BlackElo "1605"]
[PlyCount "63"]
[EventDate "1990.??.??"]

{4/(1)} 1. d4 d5 2. e3 Nc6 3. Bd3 Nf6 4. Nd2 g6 5. f4 Bg4 6. Ngf3 Bg7 7. h3
Bxf3 8. Qxf3 Nb4 9. Bb5+ c6 10. Ba4 b5 11. Bb3 Nd7 12. c3 Nd3+ 13. Ke2 Nxc1+
14. Raxc1 c5 15. Qxd5 O-O 16. h4 c4 17. Bc2 e6 18. Qxb5 Nb6 19. h5 a6 20. Qc6
Rc8 21. Qf3 Qd6 22. Ne4 Qe7 23. Ng5 Qd7 24. Nxh7 Qd5 25. Qh3 Qxh5+ 26. Qxh5
gxh5 27. Nxf8 Kxf8 28. Rxh5 Nd7 29. Rch1 Nf6 30. Rc5 Rb8 31. b3 Ne4 32. Bxe4
1-0

[Event "Lansing (Mini-Swiss.5/2)"]
[Site "?"]
[Date "1990.??.??"]
[Round "?"]
[White "Moore, H."]
[Black "Hill, M."]
[Result "1-0"]
[WhiteElo "1605"]
[BlackElo "1605"]
[PlyCount "113"]
[EventDate "1990.??.??"]

{5/(2)} 1. d4 Nf6 2. e3 e6 3. Bd3 c5 4. c3 Nc6 5. Nd2 a6 6. f4 d6 7. Ngf3 b5 8.
O-O g6 9. b3 Bg7 10. Ng5 h6 11. Nh3 O-O 12. Qf3 Qc7 13. g4 Bb7 14. Ne4 cxd4 15.
exd4 Ne7 16. g5 Nxe4 17. Bxe4 Bxe4 18. Qxe4 h5 19. Bd2 Nd5 20. Rac1 Rac8 21. c4
bxc4 22. bxc4 Ne7 23. Bb4 Nf5 24. d5 Qb6+ 25. c5 dxc5 26. Be1 Rfd8 27. dxe6
Qxe6 28. Qxe6 fxe6 29. Bf2 Bd4 30. Rfe1 Kf7 31. Kf1 Bxf2 32. Nxf2 Nd4 33. Ne4
Rd5 34. Nf6 Rf5 35. Kg2 Rxf4 36. Rf1 Rf5 37. Rb1 Rxg5+ 38. Kh1 Nf5 39. Ne4 Rg4
40. Nd6+ Ke7 41. Nxc8+ Kd7 42. Na7 Kc7 43. Rfe1 Nd4 44. Re5 Rf4 45. Rxc5+ Kd6
46. Ra5 Ne2 47. Rxa6+ Ke5 48. Rb5+ Kf6 49. Kg2 Rg4+ 50. Kf2 Nd4 51. Rbb6 Rf4+
52. Ke3 g5 53. Nc8 Nf5+ 54. Kd3 Rd4+ 55. Kc3 Re4 56. Nd6 h4 57. Nxe4+ 1-0

[Event "Detroit (MOR/1a/14)"]
[Site "?"]
[Date "1990.??.??"]
[Round "?"]
[White "Moore, H."]
[Black "Grzegorczyk, Ron"]
[Result "0-1"]
[WhiteElo "1605"]
[BlackElo "1705"]
[PlyCount "58"]
[EventDate "1990.??.??"]

1. d4 d5 2. e3 Nf6 3. Bd3 g6 4. Nd2 Bg7 5. f4 a6 6. Ngf3 Nc6 7. c3 Bg4 8. Qc2
Bxf3 9. Nxf3 e6 10. h3 Nd7 11. g4 f6 12. h4 Qe7 13. h5 O-O-O 14. a4 e5 15. fxe5
fxe5 16. e4 exd4 17. Bg5 Bf6 18. Bxf6 Nxf6 19. e5 Nxe5 20. Nxe5 Qxe5+ 21. Kd2
Qe3+ 22. Kd1 Qf3+ 23. Kd2 dxc3+ 24. bxc3 Ne4+ 25. Kc1 Qxh1+ 26. Kb2 Qf3 27. Rf1
Qxg4 28. Be2 Qe6 29. Rg1 Qb6+ 0-1

[Event "Detroit (MOR/7/41)"]
[Site "?"]
[Date "1990.??.??"]
[Round "?"]
[White "Moore, H."]
[Black "Genik, R."]
[Result "0-1"]
[WhiteElo "1605"]
[BlackElo "1605"]
[PlyCount "58"]
[EventDate "1990.??.??"]

{7/(41)} 1. d4 Nf6 2. e3 g6 3. Bd3 Bg7 4. Nd2 O-O 5. f4 b6 6. Qf3 c6 7. Nh3 d5
8. c3 Ba6 9. Bc2 Nbd7 10. f5 e6 11. g4 Qc7 12. fxg6 fxg6 13. Qg2 Rf7 14. Ng5
Re7 15. h4 Bh6 16. Nxh7 Nxh7 17. Bxg6 Bxe3 18. Nf3 Qf4 19. Bd2 Bxd2+ 20. Nxd2
Qe3+ 21. Kd1 e5 22. Re1 Qf4 23. Nf3 e4 24. Ng5 Nxg5 25. hxg5 e3 26. Kc2 Rf8 27.
Bd3 Bxd3+ 28. Kxd3 Qxg5 29. Re2 Qg6+ 0-1

[Event "Flint (MI Senior/1/7)"]
[Site "?"]
[Date "1990.??.??"]
[Round "?"]
[White "Moore, H."]
[Black "Foord, Allan"]
[Result "0-1"]
[WhiteElo "1605"]
[BlackElo "1700"]
[PlyCount "66"]
[EventDate "1990.??.??"]

{1/(7)} 1. d4 Nf6 2. e3 d5 3. Bd3 g6 4. Nd2 Bg7 5. f4 Bg4 6. Ngf3 O-O 7. O-O
Nbd7 8. b3 c5 9. c3 Rc8 10. Re1 a6 11. Nf1 b5 12. Ng3 Qc7 13. h3 Be6 14. Ng5
Qd6 15. Nxe6 Qxe6 16. f5 Qd6 17. Qf3 cxd4 18. cxd4 Rc3 19. Bb1 Rfc8 20. Bd2
R3c6 21. a3 e5 22. Bb4 Qc7 23. fxg6 hxg6 24. Ne2 Ne4 25. Bxe4 dxe4 26. Qxe4
exd4 27. Rad1 dxe3 28. Nd4 Rf6 29. Rxe3 Rf4 30. Qd5 Nb6 31. Qd6 Qxd6 32. Bxd6
Rxd4 33. Rde1 Rxd6 0-1

[Event "Lansing (Mini-Swiss.4/3)"]
[Site "?"]
[Date "1990.??.??"]
[Round "?"]
[White "Moore, H."]
[Black "Cunningham, J."]
[Result "0-1"]
[WhiteElo "1605"]
[BlackElo "1605"]
[PlyCount "82"]
[EventDate "1990.??.??"]

{4/(3)} 1. d4 d5 2. e3 Nf6 3. Bd3 Bg4 4. Nf3 Nc6 5. Nbd2 e6 6. c3 Bd6 7. Qc2
Ne4 8. Nxe4 Bxf3 9. Nxd6+ Qxd6 10. gxf3 O-O-O 11. a4 e5 12. b4 exd4 13. b5 Ne5
14. Bf5+ Kb8 15. Ke2 g6 16. Bd3 Qf6 17. f4 Nxd3 18. Qxd3 dxc3 19. Ba3 Rhe8 20.
Rac1 Qxf4 21. Rxc3 d4 22. Rd1 Qg4+ 23. Ke1 Qg1+ 24. Ke2 Qg4+ 25. Ke1 Qh4 26.
Bc1 dxc3 27. Qxc3 Rxd1+ 28. Kxd1 Qxa4+ 29. Ke1 Qxb5 30. Qd4 b6 31. Qf6 Qb4+ 32.
Bd2 Qb1+ 33. Ke2 Qa2 34. Qc6 Rd8 35. Qc1 Rxd2+ 36. Qxd2 Qxd2+ 37. Kxd2 a5 38.
Kc2 Kb7 39. f4 f5 40. Kb3 Kc6 41. Kc4 b5+ 0-1

[Event "Detroit (MI Op/4/18)"]
[Site "?"]
[Date "1990.??.??"]
[Round "?"]
[White "Moody, David"]
[Black "Zacks, Naum"]
[Result "1/2-1/2"]
[WhiteElo "2105"]
[BlackElo "1895"]
[PlyCount "89"]
[EventDate "1990.??.??"]

{4/(18)} 1. e4 d6 2. d4 Nf6 3. Nc3 c6 4. Nf3 g6 5. Bg5 h6 6. Bxf6 exf6 7. Bc4
Bg7 8. Qe2 O-O 9. O-O-O b5 10. Nxb5 cxb5 11. Bd5 Qa5 12. Bxa8 Be6 13. Bd5 Bxd5
14. exd5 Na6 15. Rd3 b4 16. Kb1 Nc7 17. Qd2 Qb5 18. Rb3 a5 19. Re1 Nxd5 20. Qe2
Qd7 21. Qc4 Nc7 22. Rbe3 d5 23. Qc5 Ne6 24. Qxa5 Rb8 25. Qa6 Rb7 26. Nh4 Ra7
27. Qd3 Qa4 28. Qb3 Qc6 29. Nxg6 Nxd4 30. Re8+ Kh7 31. Qd3 f5 32. R1e7 Rxe7 33.
Rxe7 Qxg6 34. c3 bxc3 35. bxc3 Ne6 36. Qxd5 f4+ 37. Kb2 Qf6 38. Qd3+ Kg8 39.
Rb7 Nc5 40. Rb8+ Bf8 41. Qd8 Na4+ 42. Kb3 Nc5+ 43. Kb2 Na4+ 44. Kb3 Nc5+ 45.
Kb2 1/2-1/2

[Event "Detroit (MI Op/5/16)"]
[Site "?"]
[Date "1990.??.??"]
[Round "?"]
[White "Moody, David"]
[Black "Selitsky, B."]
[Result "1/2-1/2"]
[WhiteElo "2105"]
[BlackElo "1945"]
[PlyCount "27"]
[EventDate "1990.??.??"]

{5/(16)} 1. Nf3 Nf6 2. g3 e6 3. Bg2 d5 4. O-O Be7 5. d3 b6 6. Nbd2 Bb7 7. Re1
Nbd7 8. e4 dxe4 9. dxe4 e5 10. Nc4 Bxe4 11. Nfxe5 Bxg2 12. Kxg2 Nxe5 13. Nxe5
Qxd1 14. Rxd1 1/2-1/2

[Event "Detroit (MI Op/2/22)"]
[Site "?"]
[Date "1990.??.??"]
[Round "?"]
[White "Moody, David"]
[Black "Brady, Lindell"]
[Result "1/2-1/2"]
[WhiteElo "2105"]
[BlackElo "1930"]
[PlyCount "65"]
[EventDate "1990.??.??"]

{2/(22)} 1. e4 e5 2. Bc4 Nf6 3. Nc3 Be7 4. d3 Nc6 5. f4 d6 6. Nf3 O-O 7. O-O
Bg4 8. h3 Bxf3 9. Qxf3 Nd4 10. Qf2 a6 11. f5 b5 12. Bb3 a5 13. a4 Nxb3 14. cxb3
b4 15. Ne2 d5 16. Bg5 h6 17. Bxf6 Bxf6 18. Qc5 dxe4 19. dxe4 Qd2 20. Ng3 Qxb2
21. Qxc7 Qxb3 22. Rf3 Qb2 23. Rc1 Rfc8 24. Qxc8+ Rxc8 25. Rxc8+ Kh7 26. Nh5
Qb1+ 27. Kh2 Qxe4 28. Nxf6+ gxf6 29. Rg3 Qf4 30. Rcg8 h5 31. R8g7+ Kh6 32. Rg8
Kh7 33. R8g7+ 1/2-1/2

[Event "Detroit (MI Op/7/19)"]
[Site "?"]
[Date "1990.??.??"]
[Round "?"]
[White "Moody, David"]
[Black "Ball, Ed"]
[Result "0-1"]
[WhiteElo "2105"]
[BlackElo "1885"]
[PlyCount "86"]
[EventDate "1990.??.??"]

{7/(19)} 1. e4 d5 2. Nc3 e6 3. d4 Nf6 4. e5 Nfd7 5. f4 c5 6. Nf3 Nc6 7. Ne2 Qb6
8. c3 Be7 9. Qb3 O-O 10. Qc2 f5 11. h4 Rf7 12. Ng5 Bxg5 13. hxg5 g6 14. Rh6
cxd4 15. g4 Nf8 16. gxf5 exf5 17. Bg2 Be6 18. Qd3 Rc8 19. Nxd4 Nxd4 20. cxd4
Rfc7 21. Bd2 Qxb2 22. Rb1 Qxa2 23. Rb3 Qa4 24. Rb4 Qc6 25. Qb3 b6 26. Rb5 Rd7
27. Rh3 Qc4 28. Qb2 Qc2 29. Qxc2 Rxc2 30. Rc3 Rxc3 31. Bxc3 Kf7 32. Bb4 Ke8 33.
Bd6 Bf7 34. Rxd5 Bxd5 35. Bxd5 Rxd6 36. exd6 Kd7 37. Bg8 Kxd6 38. Kd2 a5 39.
Kc3 b5 40. Kd3 Ne6 41. Bxh7 Nxf4+ 42. Ke3 Nd5+ 43. Kd3 Ne7 0-1

[Event "Detroit (RVO/3)"]
[Site "?"]
[Date "1990.??.??"]
[Round "?"]
[White "Mohammed, Azziem"]
[Black "Schmucker, V."]
[Result "0-1"]
[WhiteElo "1685"]
[BlackElo "1810"]
[PlyCount "96"]
[EventDate "1990.??.??"]

1. d4 Nf6 2. c4 e6 3. Nc3 Bb4 4. Qc2 c5 5. a3 Bxc3+ 6. bxc3 O-O 7. Nf3 Nc6 8.
h3 b6 9. Bf4 d6 10. e3 Ba6 11. Qa4 Na5 12. Nd2 Rc8 13. Bd3 h6 14. Bh2 Re8 15.
O-O Re7 16. Rab1 Rec7 17. Rfc1 Qd7 18. Qxd7 Rxd7 19. Bf1 Kf8 20. f4 Ke7 21. Kf2
Rdc7 22. Kf3 cxd4 23. exd4 Bxc4 24. Nxc4 Nxc4 25. Bxc4 Rxc4 26. Rb3 Nd5 27. Ke4
Rxc3 28. Rbxc3 Rxc3 29. Rxc3 Nxc3+ 30. Kd3 Nd5 31. g4 f5 32. g5 Kf7 33. gxh6
gxh6 34. Bg3 h5 35. h4 Ke7 36. Kc4 a6 37. a4 Kd7 38. Bh2 Kc6 39. Bg3 b5+ 40.
Kb3 Ne3 41. Bf2 Ng4 42. Bg1 bxa4+ 43. Kxa4 Kd5 44. Ka5 Ke4 45. Kxa6 Kxf4 46.
Kb5 e5 47. d5 e4 48. Kc6 Ke5 0-1

[Event "Detroit (MOR/3/2)"]
[Site "?"]
[Date "1990.??.??"]
[Round "?"]
[White "Mohammed, Azziem"]
[Black "Rosenberg, Steve"]
[Result "1/2-1/2"]
[WhiteElo "1675"]
[BlackElo "1780"]
[PlyCount "67"]
[EventDate "1990.??.??"]

{3/(2)} 1. d4 Nf6 2. Nf3 g6 3. c4 Bg7 4. Nc3 d6 5. e4 Nbd7 6. Bd3 O-O 7. O-O e5
8. d5 Nc5 9. Bb1 h6 10. b4 Ncd7 11. Ne1 a5 12. b5 Re8 13. Be3 Nh5 14. Qd2 Kh7
15. g4 Nhf6 16. f3 g5 17. Ne2 Nf8 18. Ng3 Ng6 19. a4 Nh4 20. Nf5 Nxf5 21. gxf5
Qe7 22. Kh1 Nh5 23. Ng2 Nf4 24. Nxf4 gxf4 25. Bf2 Qg5 26. Be1 Qh5 27. Qf2 Bf6
28. Rg1 Bd7 29. Rg4 b6 30. Bd3 Rg8 31. Qg2 Rg7 32. Bf2 Rag8 33. Rg1 Be8 34. Be2
1/2-1/2

[Event "Detroit (MOR/5/14)"]
[Site "?"]
[Date "1990.??.??"]
[Round "?"]
[White "Mohammed, Azziem"]
[Black "Pope, Nick"]
[Result "0-1"]
[WhiteElo "1675"]
[BlackElo "1605"]
[PlyCount "78"]
[EventDate "1990.??.??"]

{5/(14)} 1. d4 d5 2. c4 Nf6 3. cxd5 Nxd5 4. e4 Nb6 5. Nc3 e6 6. a3 Be7 7. Be3
O-O 8. Bd3 N8d7 9. Qh5 Nf6 10. Qh3 e5 11. Qg3 exd4 12. Rd1 dxe3 13. e5 exf2+
14. Kf1 fxg1=Q+ 15. Rxg1 Nfd5 16. Qf3 Bg4 17. Qe4 Bf5 18. Qe1 Bxd3+ 19. Rxd3 c6
20. Qe4 Qd7 21. Rh3 g6 22. Ne2 Qf5+ 23. Qxf5 gxf5 24. Nd4 Bc5 25. Rd3 Nf4 26.
Rd1 Rad8 27. g3 Ng6 28. Rg2 Rxd4 29. Rc1 Nc4 30. Re2 Re8 31. b4 Nd2+ 32. Ke1
Nf3+ 33. Kf1 Bb6 34. Kg2 Ngxe5 35. Rcc2 Red8 36. b5 cxb5 37. h4 Rd2 38. h5 Rxc2
39. Rxc2 Rd2+ 0-1

[Event "Detroit (RVO/1)"]
[Site "?"]
[Date "1990.??.??"]
[Round "?"]
[White "Mohammed, Azziem"]
[Black "Pence, Mark"]
[Result "0-1"]
[WhiteElo "1685"]
[BlackElo "2045"]
[PlyCount "74"]
[EventDate "1990.??.??"]

1. e4 c5 2. Nf3 d6 3. d4 cxd4 4. Nxd4 Nf6 5. Nc3 g6 6. f3 Bg7 7. Be3 O-O 8. Qd2
a6 9. Bd3 Qc7 10. Nde2 b5 11. Nf4 Bb7 12. O-O Nbd7 13. Be2 Rac8 14. Rfc1 Ne5
15. Ncd5 Nxd5 16. Nxd5 Bxd5 17. Qxd5 e6 18. Qb3 Nc4 19. Bxc4 bxc4 20. Qa3 Qc6
21. c3 d5 22. exd5 exd5 23. Re1 Rfe8 24. Bf2 Qb5 25. Rab1 Bf8 26. b4 Bg7 27.
Rbd1 Bf6 28. Qc1 Kg7 29. Bc5 Qc6 30. Bd4 Rxe1+ 31. Rxe1 Bxd4+ 32. cxd4 c3 33.
Qe3 c2 34. Rc1 Qc4 35. Qb3 Qxd4+ 36. Kh1 Rc3 37. Qa4 Qd2 0-1

[Event "Detroit (MOR/1b/13)"]
[Site "?"]
[Date "1990.??.??"]
[Round "?"]
[White "Mohammed, Azziem"]
[Black "Mikus, R."]
[Result "1-0"]
[WhiteElo "1675"]
[BlackElo "1605"]
[PlyCount "61"]
[EventDate "1990.??.??"]

1. d4 d5 2. c4 c6 3. c5 Nf6 4. h3 Nbd7 5. Bf4 g6 6. Nc3 Bg7 7. Nf3 b6 8. b4
bxc5 9. bxc5 Ba6 10. Qa4 Qc8 11. Rb1 O-O 12. g4 Bc4 13. e3 Bxf1 14. Kxf1 a5 15.
Kg2 Re8 16. Rb2 Ne4 17. Nxe4 dxe4 18. Nd2 Nxc5 19. Qc4 Qa6 20. Qxc5 Bf8 21.
Nxe4 e5 22. Nf6+ Kg7 23. Nxe8+ Rxe8 24. Bxe5+ f6 25. Bxf6+ Kxf6 26. Rb6 Bxc5
27. Rxa6 Bb4 28. g5+ Kxg5 29. a3 Bc3 30. Rxc6 Bb2 31. Rc5+ 1-0

[Event "Detroit (MCO/1/7)"]
[Site "?"]
[Date "1990.??.??"]
[Round "?"]
[White "Mohammed, A."]
[Black "Laren, Philip"]
[Result "0-1"]
[WhiteElo "1635"]
[BlackElo "2205"]
[PlyCount "68"]
[EventDate "1990.??.??"]

{1/(7)} 1. c4 e6 2. d4 d5 3. c5 b6 4. b4 a5 5. Bd2 axb4 6. cxb6 c5 7. dxc5 Qf6
8. Na3 Bxc5 9. e3 Rxa3 10. Rc1 Ra5 11. Rxc5 Rxc5 12. Bxb4 Nc6 13. Bd2 Nge7 14.
Nf3 Qb2 15. a4 Qxb6 16. Bb5 O-O 17. O-O Ba6 18. Nd4 Bxb5 19. Nxb5 Rc4 20. Nd6
Rc5 21. e4 Qb8 22. Nb5 dxe4 23. Qg4 Qe5 24. Re1 Rd8 25. Be3 Rcd5 26. Bb6 R8d7
27. g3 f5 28. Qh5 g6 29. Qe2 Qb8 30. Be3 Ne5 31. Kg2 Nf3 32. Rb1 Qd8 33. Nc3
Rd3 34. Qc2 Rxe3 0-1

[Event "Detroit (MCO/5/13)"]
[Site "?"]
[Date "1990.??.??"]
[Round "?"]
[White "Mohammed, A."]
[Black "Jirjis, Faris"]
[Result "0-1"]
[WhiteElo "1635"]
[BlackElo "2150"]
[PlyCount "85"]
[EventDate "1990.??.??"]

{5/(13)} 1. e4 e5 2. Nf3 Nf6 3. d3 Nc6 4. Nc3 Bb4 5. Bd2 O-O 6. Be2 Bxc3 7.
Bxc3 Re8 8. O-O d5 9. exd5 Nxd5 10. Bd2 Nf4 11. Bxf4 exf4 12. c3 Qf6 13. d4 Bf5
14. Bd3 Bg4 15. Re1 Rxe1+ 16. Qxe1 Bxf3 17. gxf3 Kf8 18. Qd2 Re8 19. Re1 Rxe1+
20. Qxe1 Qg5+ 21. Kh1 g6 22. Qe4 h5 23. Bc4 h4 24. Qd5 Qf6 25. h3 Kg7 26. Qd7
Qe7 27. Qxe7 Nxe7 28. Kg2 c6 29. a4 Nf5 30. Kf1 Nd6 31. Bd3 Kf6 32. Ke2 Ke6 33.
Bc2 a5 34. Bb3+ Ke7 35. c4 f5 36. c5 Ne8 37. d5 Nf6 38. d6+ Kf8 39. Be6 Nh7 40.
Bc8 Ke8 41. Bxb7 Kd7 42. Kf1 Ng5 43. Kg2 0-1

[Event "Detroit (MCO/3/14)"]
[Site "?"]
[Date "1990.??.??"]
[Round "?"]
[White "Mohammed, A."]
[Black "Boyce, Alroy"]
[Result "1-0"]
[WhiteElo "1635"]
[BlackElo "1835"]
[PlyCount "35"]
[EventDate "1990.??.??"]

{3/(14)} 1. e4 c5 2. Nf3 d6 3. d4 cxd4 4. Nxd4 Nf6 5. Nc3 a6 6. Bc4 e6 7. f3
Be7 8. Be3 Nc6 9. Nxc6 bxc6 10. Bb3 O-O 11. Qd2 d5 12. Qf2 Nd7 13. O-O Bb7 14.
exd5 cxd5 15. Na4 e5 16. c3 f5 17. Rad1 f4 18. Bc5 {[1-0, 31?]} 1-0

[Event "Detroit (MOR/7/16)"]
[Site "?"]
[Date "1990.??.??"]
[Round "?"]
[White "Moceri, Paul"]
[Black "Skidmore, Jennifer"]
[Result "1-0"]
[WhiteElo "1605"]
[BlackElo "1670"]
[PlyCount "117"]
[EventDate "1990.??.??"]

{7/(16)} 1. e4 e5 2. f4 exf4 3. Nf3 d6 4. Bc4 Bg4 5. O-O Nc6 6. d4 Nf6 7. Bxf4
Be7 8. d5 Ne5 9. Bxe5 dxe5 10. Bb5+ Nd7 11. Nc3 Bd6 12. Qd2 O-O 13. Ne2 Nf6 14.
Ng3 c6 15. Bc4 cxd5 16. exd5 e4 17. Ng5 Bc5+ 18. Kh1 Qe7 19. Rxf6 Qxf6 20.
N5xe4 Qxb2 21. Rf1 Qb6 22. d6 Be6 23. Bb3 Rad8 24. Rd1 Be3 25. Qe2 Bf4 26. Qf3
Bxg3 27. Qxg3 Bxb3 28. cxb3 f5 29. Ng5 Rf6 30. Qh4 h6 31. Qc4+ Kh8 32. Nf7+
Rxf7 33. Qxf7 Qb5 34. d7 a6 35. Qe7 Qb6 36. h3 Qc7 37. Qf7 f4 38. Qe8+ Kh7 39.
Qe7 b5 40. b4 Qb6 41. Rd6 Qc7 42. Rd1 Qb6 43. Qc5 Qb8 44. Qf5+ Kh8 45. Re1 Qa8
46. Qf7 Kh7 47. Re7 Rg8 48. Re8 Rxe8 49. dxe8=Q Qxe8 50. Qxe8 g5 51. Kg1 Kg7
52. Qe6 a5 53. bxa5 b4 54. a6 b3 55. axb3 h5 56. a7 g4 57. a8=Q gxh3 58. Qb7+
Kf8 59. Qec8# 1-0

[Event "Lansing (MI Am/2/16)"]
[Site "?"]
[Date "1990.??.??"]
[Round "?"]
[White "Moceri, Paul"]
[Black "Scott, Steven"]
[Result "0-1"]
[WhiteElo "1610"]
[BlackElo "1885"]
[PlyCount "74"]
[EventDate "1990.??.??"]

{2/(16)} 1. e4 c5 2. Nf3 d6 3. d4 cxd4 4. Nxd4 Nf6 5. Nc3 g6 6. Be3 Bg7 7. Qd2
Nc6 8. Nxc6 bxc6 9. O-O-O O-O 10. Bh6 Be6 11. Bxg7 Kxg7 12. Bd3 Qa5 13. f4 Rab8
14. f5 Bxa2 15. Nxa2 Qxa2 16. Qc3 Qa1+ 17. Kd2 Qxb2 18. Ra1 Qxc3+ 19. Kxc3 Rb7
20. Ra6 gxf5 21. exf5 Nd7 22. Rxc6 Ne5 23. Ra6 Rc8+ 24. Kd2 Nxd3 25. Kxd3 Rc5
26. g4 Rbc7 27. Rc1 Rc4 28. f6+ Kxf6 29. Ra5 Rxg4 30. Rf1+ Kg7 31. Rf3 Rg2 32.
Rg3+ Rxg3+ 33. hxg3 e6 34. Ra6 d5 35. c3 Kg6 36. Ra4 h5 37. Rf4 Kg5 0-1

[Event "Detroit (MOR/3/10)"]
[Site "?"]
[Date "1990.??.??"]
[Round "?"]
[White "Moceri, Paul"]
[Black "Mose, Greg"]
[Result "1/2-1/2"]
[WhiteElo "1605"]
[BlackElo "1710"]
[PlyCount "113"]
[EventDate "1990.??.??"]

{3/(10)} 1. e4 c5 2. Nf3 d6 3. d4 cxd4 4. Nxd4 Nf6 5. Nc3 a6 6. Bc4 e6 7. Bg5
Be7 8. Bb3 Nbd7 9. Bxe6 Nc5 10. Bxc8 Rxc8 11. Bxf6 Bxf6 12. Nf5 Bxc3+ 13. bxc3
O-O 14. Qxd6 Qxd6 15. Nxd6 Rc6 16. e5 f6 17. f4 fxe5 18. fxe5 Nd7 19. O-O-O
Nxe5 20. Nxb7 Rxc3 21. Rd8 Rxd8 22. Nxd8 Rc8 23. Rd1 Nc4 24. Nb7 Ne3 25. Rd2
Nf1 26. Rd8+ Rxd8 27. Nxd8 Nxh2 28. c4 Kf8 29. Kd2 Ke7 30. Nb7 Ng4 31. a4 Ne5
32. Kc3 Nc6 33. c5 Kd7 34. Kc4 h5 35. Nd6 h4 36. Ne4 Ne7 37. Nd2 Nf5 38. Nf1
Kc6 39. Kb4 g5 40. Ka5 Kxc5 41. Kxa6 Kc6 42. Nd2 Ne3 43. Nf3 Nxg2 44. Nxg5 Nf4
45. a5 Nd3 46. Ka7 Kb5 47. Kb7 Nc5+ 48. Kc8 Kxa5 49. Nh3 Kb5 50. Kc7 Kc4 51.
Kd6 Kd4 52. Ng1 Ke3 53. Ke5 Nd3+ 54. Kf5 Ne1 55. Kg4 Ng2 56. Nh3 Ke2 57. Nf4+
1/2-1/2

[Event "Detroit (MOR/4/10)"]
[Site "?"]
[Date "1990.??.??"]
[Round "?"]
[White "Moceri, Paul"]
[Black "Mohammed, Azziem"]
[Result "1/2-1/2"]
[WhiteElo "1605"]
[BlackElo "1675"]
[PlyCount "95"]
[EventDate "1990.??.??"]

{4/(10)} 1. e4 e6 2. d4 d5 3. e5 c5 4. Nf3 cxd4 5. Nxd4 a6 6. Bd3 Be7 7. Qg4 g6
8. h4 h5 9. Qg3 Nh6 10. Nc3 Nd7 11. Bxg6 Nxe5 12. Qxe5 Bf6 13. Qxh5 Bxd4 14.
Bxh6 Qf6 15. Qf3 Rxh6 16. Qxf6 Bxf6 17. Bd3 Rxh4 18. Rxh4 Bxh4 19. Ke2 Bd7 20.
Rh1 Bf6 21. Rh6 Ke7 22. f4 Rg8 23. Kf3 Bc6 24. a3 Bxc3 25. bxc3 d4+ 26. Be4
Bxe4+ 27. Kxe4 Rxg2 28. Kxd4 Rxc2 29. f5 exf5 30. Rb6 Rd2+ 31. Ke5 Rd7 32. Kxf5
Rc7 33. c4 Kd7 34. Ke5 Kc8 35. Kd5 Rc6 36. Rxc6+ bxc6+ 37. Kxc6 f5 38. Kd5 Kc7
39. Ke5 Kc6 40. Kxf5 Kc5 41. Ke4 Kxc4 42. Ke3 Kb3 43. Kd3 Kxa3 44. Kc2 Ka2 45.
Kc1 a5 46. Kc2 a4 47. Kc1 a3 48. Kc2 1/2-1/2

[Event "Lansing (MI Am/4/33)"]
[Site "?"]
[Date "1990.??.??"]
[Round "?"]
[White "Moceri, Paul"]
[Black "Frantom, M."]
[Result "0-1"]
[WhiteElo "1610"]
[BlackElo "1605"]
[PlyCount "112"]
[EventDate "1990.??.??"]

{4/(33)} 1. e4 e6 2. d4 d5 3. Nc3 c5 4. Nf3 cxd4 5. Nxd4 Bb4 6. Qf3 Bxc3+ 7.
Qxc3 Nf6 8. Nb5 Nc6 9. Bf4 O-O 10. Bc7 Nxe4 11. Qa3 Qd7 12. Bd3 Nf6 13. O-O-O
a6 14. Bb6 Ne5 15. Nc7 Rb8 16. g4 Nxd3+ 17. Qxd3 Qc6 18. Qd4 Bd7 19. g5 Ne4 20.
h4 g6 21. f3 Ng3 22. Rh2 Nf5 23. Qc5 Qxc5 24. Bxc5 Bc6 25. Bxf8 Rxf8 26. h5 Ng7
27. hxg6 hxg6 28. Rdh1 Nh5 29. Re1 Bd7 30. Re3 Rc8 31. Rc3 Bc6 32. Nxa6 bxa6
33. b3 Kf8 34. Kb2 Ke7 35. Ka3 Kd6 36. Kb4 Rb8+ 37. Ka5 Bb7 38. Kb6 Rc8 39. Re3
d4 40. Re4 Bxe4 41. fxe4 Rc6+ 42. Kb7 a5 43. a3 Kc5 44. Rf2 Ng3 45. Rxf7 Nxe4
46. b4+ axb4 47. axb4+ Kb5 48. Re7 Nxg5 49. Rg7 e5 50. Re7 Re6 51. Rd7 Kxb4 52.
Kc8 e4 53. Rb7+ Kc3 54. Rc7+ Kd2 55. Kd7 e3 56. Rc5 e2 0-1

[Event "Detroit (MOR/1b/31)"]
[Site "?"]
[Date "1990.??.??"]
[Round "?"]
[White "Moceri, Paul"]
[Black "Clark, M."]
[Result "1-0"]
[WhiteElo "1605"]
[BlackElo "1605"]
[PlyCount "101"]
[EventDate "1990.??.??"]

1. e4 c5 2. Nf3 d6 3. Nc3 Nf6 4. d4 cxd4 5. Nxd4 a6 6. Be2 e5 7. Nf3 Be7 8. Bg5
Nc6 9. Bxf6 Bxf6 10. Nd5 O-O 11. c3 b5 12. Nxf6+ Qxf6 13. Qd5 Bb7 14. O-O-O b4
15. Qxd6 Qxd6 16. Rxd6 bxc3 17. bxc3 Rfc8 18. Rd7 Na5 19. Rhd1 Bxe4 20. Kb2 Nc6
21. Bc4 Bg6 22. Ng5 Nd8 23. Bxa6 Rcb8+ 24. Ka1 Bc2 25. Bc4 Bg6 26. Bd5 Bh5 27.
Bxa8 Bxd1 28. Rxd1 Rxa8 29. Rd7 h6 30. Ne4 Nc6 31. Nd6 Nd8 32. c4 f6 33. Kb2
Nc6 34. a3 Nd4 35. Nb5 Rb8 36. a4 Nc6 37. Kc3 e4 38. Rd6 Na5 39. Kb4 Nb7 40.
Rd7 Nd8 41. Kc3 Ne6 42. a5 Nc5 43. Ra7 Rd8 44. a6 Rd3+ 45. Kc2 Nb3 46. Ra8+ Kh7
47. a7 Na1+ 48. Kb2 Nb3 49. Rh8+ Kxh8 50. a8=Q+ Kh7 51. Qxe4+ 1-0

[Event "Lansing (Feb)"]
[Site "?"]
[Date "1990.??.??"]
[Round "?"]
[White "Mitchell, Dave"]
[Black "Weber, K."]
[Result "1-0"]
[WhiteElo "1605"]
[BlackElo "1605"]
[PlyCount "49"]
[EventDate "1990.??.??"]

1. d4 Nf6 2. e3 g6 3. Bd3 d5 4. f4 Bg7 5. Nf3 Bg4 6. Nbd2 Nbd7 7. O-O O-O 8. b3
a6 9. Ba3 Rc8 10. Rc1 b5 11. h3 Bxf3 12. Nxf3 c5 13. c3 c4 14. Bb1 Re8 15. Ne5
Nh5 16. g4 Nhf6 17. h4 h5 18. g5 Nh7 19. Bxg6 fxg6 20. Nxg6 Rc6 21. Qxh5 Ndf8
22. f5 Nxg6 23. fxg6 Nf8 24. Rxf8+ Rxf8 25. Qh7# 1-0

[Event "Lansing (Feb)"]
[Site "?"]
[Date "1990.??.??"]
[Round "?"]
[White "Mitchell, Dave"]
[Black "LaGuire, D."]
[Result "0-1"]
[WhiteElo "1605"]
[BlackElo "1605"]
[PlyCount "50"]
[EventDate "1990.??.??"]

1. d4 Nf6 2. e3 g6 3. Bd3 Bg7 4. f4 O-O 5. Nf3 d5 6. O-O Bg4 7. Nbd2 Nc6 8. c3
Ne8 9. h3 Bxf3 10. Qxf3 Nd6 11. g4 e6 12. b3 f5 13. Ba3 Rf7 14. Qe2 Ne4 15.
Bxe4 dxe4 16. Kg2 a6 17. Rh1 Ne7 18. h4 Nd5 19. Bb2 fxg4 20. Nxe4 Rxf4 21. Raf1
Rxe4 22. Qf2 Nxe3+ 23. Kg3 Nxf1+ 24. Rxf1 Qd6+ 25. Kg2 Rf8 0-1

[Event "Detroit (MCO/1/16)"]
[Site "?"]
[Date "1990.??.??"]
[Round "?"]
[White "Minskey, Charles"]
[Black "Golden, Robert"]
[Result "1-0"]
[WhiteElo "1945"]
[BlackElo "1605"]
[PlyCount "65"]
[EventDate "1990.??.??"]

{1/(16)} 1. d4 d5 2. Nf3 e6 3. Bf4 g6 4. e3 Bg7 5. Nbd2 Nf6 6. h3 b6 7. Be2 Bb7
8. O-O Nbd7 9. Rc1 O-O 10. Bh2 Ne4 11. Nxe4 dxe4 12. Ne1 e5 13. d5 Nc5 14. b4
Nd7 15. c4 Re8 16. Qc2 Nf6 17. f3 exf3 18. Nxf3 e4 19. Nd4 Nd7 20. Rcd1 Bxd4
21. Rxd4 Nf6 22. Qc3 Qe7 23. Rd2 Kg7 24. d6 Qe6 25. dxc7 h5 26. Rd6 Qe7 27.
Rdxf6 Kg8 28. c5 bxc5 29. bxc5 Rf8 30. Bd6 Qe8 31. Bc4 Rc8 32. Rxg6+ Kh7 33.
Qg7# 1-0